[Event "Asian Nations Cup 2014"]
[Site "Tabriz IRI"]
[Date "2014.05.23"]
[Round "2.3"]
[White "Xiu, Deshun"]
[Black "Weerawardane, Romesh"]
[Result "1-0"]
[WhiteTitle "GM"]
[BlackTitle "IM"]
[WhiteElo "2550"]
[BlackElo "2113"]
[WhiteTeam "CHINA"]
[BlackTeam "Sri Lanka"]
[WhiteFideId "8603693"]
[BlackFideId "9900373"]
[EventDate "2014.05.22"]

1. Nf3 Nf6 2. c4 c5 3. Nc3 Nc6 4. d4 cxd4 5. Nxd4 g6 6. g3 Bg7 7. Bg2 O-O 8. O-O
Nxd4 9. Qxd4 d6 10. Qd3 Rb8 11. Bd2 Be6 12. Rac1 Nd7 13. b3 Ne5 14. Qe3 b6 15.
h3 Qd7 16. Kh2 h5 17. Nd5 Nc6 18. Bc3 Rbc8 19. f4 Bxc3 20. Nxc3 Nb4 21. Qd2 Kg7
22. e4 f6 23. Nd1 Nc6 24. Ne3 Bf7 25. h4 Rcd8 26. Rcd1 Qc8 27. Qb2 Be8 28. Rf2
Bd7 29. Rfd2 Bg4 30. Nxg4 hxg4 31. Rd3 Qc7 32. Qe2 Qc8 33. Qe3 Nb4 34. R3d2 Nc6
35. e5 fxe5 36. Bxc6 Qxc6 37. fxe5 Rf3 38. Qd4 Qc5 39. Qxg4 Rf2+ 40. Kh3 Rxd2
41. Rxd2 Qxe5 42. Re2 Qf6 43. Qe4 e5 44. Qb7+ Qf7 45. Qxf7+ Kxf7 46. Rf2+ Kg7
47. Kg4 Re8 48. Kg5 Re6 49. g4 Kg8 50. Kh6 e4 51. Re2 e3 52. Kg5 Re4 53. Kxg6
Rxg4+ 54. Kf5 Rxh4 55. Ke6 Re4+ 56. Kxd6 Rd4+ 57. Kc6 Rd3 58. Kc7 Kf7 59. Kb8
Rd2 60. Rxe3 Rxa2 61. b4 Rb2 62. b5 Ra2 63. Rh3 Ke6 64. Rh7 Ra4 65. Rxa7 Rxc4
66. Kb7 Rc1 67. Kxb6 Kd6 68. Rh7 Rc2 69. Kb7 Rc1 70. b6 Rg1 71. Ka7 Ra1+ 72. Kb8
Rg1 73. b7 1-0

[Event "Asian Nations Cup 2014"]
[Site "Tabriz IRI"]
[Date "2014.05.24"]
[Round "3.3"]
[White "Kostenko, Petr"]
[Black "Ma, Qun"]
[Result "0-1"]
[WhiteTitle "GM"]
[BlackTitle "GM"]
[WhiteElo "2507"]
[BlackElo "2609"]
[WhiteTeam "KAZAKHSTAN"]
[BlackTeam "CHINA"]
[WhiteFideId "13700669"]
[BlackFideId "8603154"]
[EventDate "2014.05.22"]

1. c4 c6 2. g3 d5 3. Bg2 Nf6 4. Nf3 dxc4 5. O-O Nbd7 6. Na3 Nb6 7. Qc2 Be6 8.
Ng5 Qd7 9. b3 cxb3 10. axb3 g6 11. Nc4 Nxc4 12. bxc4 Bh6 13. d3 Bxg5 14. Bxg5
Bh3 15. Bxh3 Qxh3 16. Bxf6 exf6 17. Qb2 Qc8 18. Qxf6 O-O 19. c5 Re8 20. e3 b5
21. Ra5 Re6 22. Qc3 h5 23. Rfa1 Qd7 24. h4 Re7 25. Ra6 Rae8 26. Kg2 Rd8 27. Qf6
Re6 28. Qf3 Qxd3 29. Rxa7 Rd7 30. Ra8+ Kg7 31. Rc8 Rd5 32. Qf4 Rxc5 33. Qb8 Qd6
34. Rg8+ Kf6 35. Qxd6 Rxd6 36. Ra7 Re5 37. Rc8 Re7 38. Ra6 Rb7 39. f4 b4 40.
Rcxc6 Rxc6 41. Rxc6+ Ke7 42. Kf3 b3 43. Rc1 b2 44. Rb1 f5 45. Ke2 Kd6 46. Kd2
Kd5 47. Kd3 Rb8 48. Kc2 Ke4 49. Rxb2 Rxb2+ 50. Kxb2 Kxe3 0-1

[Event "Asian Nations Cup 2014"]
[Site "Tabriz IRI"]
[Date "2014.05.25"]
[Round "5.4"]
[White "Ismagambetov, Anuar"]
[Black "Moradiabadi, Elshan"]
[Result "1-0"]
[WhiteTitle "GM"]
[BlackTitle "GM"]
[WhiteElo "2508"]
[BlackElo "2586"]
[WhiteTeam "KAZAKHSTAN"]
[BlackTeam "IRAN A"]
[WhiteFideId "13701525"]
[BlackFideId "12501255"]
[EventDate "2014.05.22"]

1. e4 e5 2. Nf3 Nc6 3. Bb5 a6 4. Ba4 Nf6 5. O-O b5 6. Bb3 Bb7 7. d3 Bc5 8. Nc3
O-O 9. Bg5 h6 10. Be3 Bd6 11. a3 Re8 12. Ba2 Bf8 13. h3 d6 14. Nh2 b4 15. Nd5
bxa3 16. bxa3 Nxd5 17. Bxd5 Na5 18. Ba2 c5 19. Qh5 d5 20. Rab1 Rc8 21. f4 c4 22.
fxe5 Qd7 23. Ng4 dxe4 24. e6 Rxe6 25. Qxa5 exd3 26. cxd3 Rxe3 27. Nxe3 Bc5 28.
Qd2 Re8 29. d4 Bc6 30. Rbd1 1-0

[Event "Asian Nations Cup 2014"]
[Site "Tabriz IRI"]
[Date "2014.05.25"]
[Round "5.4"]
[White "Golizadeh, Asghar"]
[Black "Kotsur, Pavel"]
[Result "0-1"]
[WhiteTitle "GM"]
[BlackTitle "GM"]
[WhiteElo "2497"]
[BlackElo "2558"]
[WhiteTeam "IRAN A"]
[BlackTeam "KAZAKHSTAN"]
[WhiteFideId "12505269"]
[BlackFideId "13700278"]
[EventDate "2014.05.22"]

1. e4 c5 2. Nf3 d6 3. d4 cxd4 4. Nxd4 Nf6 5. Nc3 Nc6 6. Be2 g6 7. O-O Bg7 8. Nb3
O-O 9. Bg5 a6 10. f4 b5 11. Bf3 Bb7 12. Kh1 Nd7 13. Qd2 Nb6 14. Rad1 b4 15. Nd5
Nc4 16. Qe2 Nxb2 17. Nc5 Nxd1 18. Nxb7 Qd7 19. Rxd1 Qxb7 20. e5 Qb5 21. Qf2 dxe5
22. Nc7 Qb8 23. Nxa8 Nd4 24. Be4 f5 25. Bxe7 fxe4 26. Bxf8 Qxf8 27. Nc7 Qf7 28.
Nxa6 Qc4 29. fxe5 Bxe5 30. Qf1 Qc3 31. Qe1 e3 32. Nxb4 e2 33. Rc1 Qe3 34. Nd3
Nf3 35. gxf3 Qxf3+ 36. Kg1 Bd4+ 37. Nf2 Be3 38. c3 0-1